| 000 | 00769nam0a22002411 4500 | ||
|---|---|---|---|
| 001 | v19\rc\1929514 | ||
| 005 | 20250619193539.0 | ||
| 035 | _a(NLR Aleph) 005014778 | ||
| 090 |
_a6525816 _c6525816 |
||
| 100 | _a20080404d1912 |||y0rusy50 ca | ||
| 101 | 0 | _arus | |
| 102 | _aRU | ||
| 105 | _ay z ||||| | ||
| 200 | 1 |
_aВода и теплота _eИзд. специально для слушателей автора _fИнж.-техник П. Ношан |
|
| 210 |
_aМикушино Городище _d1912 _eТверь |
||
| 215 |
_a[2], 56, 76 с. _d23 |
||
| 309 | _aНаписано от руки. Литогр. | ||
| 700 | 1 |
_aНошан _bП. |
|
| 801 | 0 |
_aRU _bNLR _gpsbo |
|
| 801 | 1 |
_aRU _bProSoft-M _2rusmarc |
|
| 852 |
_aNLR _j20.85.8.492 |
||
| 942 | _cBOOK | ||
| 980 | _aNB | ||